[Event "RUS-ch (Women) 70th"]
[Site "Moscow"]
[Date "2020.12.12"]
[Round "7"]
[White "Galliamova, Alisa"]
[Black "Kashlinskaya, Alina"]
[Result "0-1"]
[WhiteElo "2438"]
[BlackElo "2494"]
[PlyCount "82"]
[EventDate "2020.12.05"]
[EventType "tourn"]
[EventRounds "11"]
[EventCountry "RUS"]
[EventCategory "8"]
[SourceTitle "CBM 200"]
[Source "ChessBase"]
[SourceDate "2021.02.28"]
[SourceVersion "1"]
[SourceVersionDate "2021.02.28"]
[SourceQuality "1"]

1. Nf3 Nf6 2. c4 g6 3. d4 Bg7 4. e3 0-0 5. Be2 d6 6. 0-0 Nbd7 7. Nc3 e5 8. b4 e4 9. Nd2 Re8 10. Bb2 Nf8 11. a4 h5 12. Qb3 N8h7 13. Rfc1 Bf5 14. a5 a6 15. b5 c6 16. bxc6 bxc6 17. Qd1 Ng5 18. Bf1 Bg4 19. Qe1 Qd7 20. Ba3 Rad8 21. c5 d5 22. Rcb1 Qf5 23. Rb6 Rc8 24. Rxa6 Bh6 25. Qb1 Ne6 26. Ra2 Qg5 27. Rb6 Bf5 28. Qe1 Ng4 29. Nd1 Qh4 30. h3 Ng5 31. hxg4 hxg4 32. g3 Qh5 33. f4 gxf3 34. Nf2 Kg7 35. Ba6 Rc7 36. Nf1 Rh8 37. Bb7 Bh3 38. a6 Bg2 39. a7 Qh1+ 40. Nxh1 Nh3+ 41. Kh2 Bxe3 0-1